005460000a22001330004500090001700000245012500017246011300142041001400255700003200269100003100301942001300332773005000345999001700395 aAsbSeriadas10aEcología de Espeletia schultzii (Asteraceae) en el valle fluvioglacial del Páramo de Mucubají, Mérida, Venezuela3 aEcology of Espeletia schultzii wedd (Asteraceae) in the fluvioglacier Paramo Mucubají, Mérida, Venezuela0 aEspañol1 aMonasterio, Maximina9928891 aFariñas, Mario R.999625 cARTICULO1 tActualidades Biológicash68q5-11d1998g20 c15396d15396